| 000 | 01036 a2200325 4500 | ||
|---|---|---|---|
| 502 | _aThèse de Doctorat | ||
| 260 | _aWageningen | ||
| 653 | 1 | _aAgronomie | |
| 100 | _aYE, Jingzhong | ||
| 041 | _bEn | ||
| 260 | _bUniversité de Wageningen | ||
| 300 | _axii-288 p. | ||
| 245 | _aProcesses of enlightnment : farmer initiatives in rural development in China | ||
| 650 | _aDEVELOPPEMENT RURAL | ||
| 650 | _aRURAL DEVELOPMENT | ||
| 650 | _aPAYSAN | ||
| 650 | _aFERMIER | ||
| 260 | _c11 october 2002 | ||
| 300 | _bIll., Couv. ill. ; 24 cm | ||
| 130 | _lEn | ||
| 710 | _aWageningen University | ||
| 040 | _aSupport | ||
| 041 | _bEn | ||
| 100 | _uAbomey-Calavi, Université d'Abomey-Calavi, Faculté des Sciences Agronomiques, Bj | ||
| 651 | _aCHINA | ||
| 520 | _aThis research concerns develompent initiatives in rural communities. I define a farmer initiative as the impetus that sufficiently and necessarily drives a farmer ... | ||
| 690 | _aINITIATIVES PAYSANNES | ||
| 020 | _a90-5808-730-1 | ||
| 999 |
_c32206 _d32206 |
||